Statistics for Cartoon Versions of Countries

Click here to take the quiz!

General Stats

  • This quiz has been taken 16,627 times
  • The average score is 8 of 12

Answer Stats

Answer % Correct
Australia
97%
Japan
93%
United Kingdom
89%
China
84%
Somalia
78%
Croatia
77%
Cyprus
69%
Chad
59%
Haiti
50%
Bangladesh
47%
Paraguay
30%
Costa Rica
28%

Score Distribution

Percentile by Number Answered

Percent of People with Each Score

Your Score History

You have not taken this quiz